[Event "Cheliabinsk Kurnosov Memorial Rapid"]
[Site "Cheliabinsk"]
[Date "2023.09.08"]
[Round "3"]
[White "Kuzmin, Roman"]
[Black "Abramova, Tatiana"]
[Result "1-0"]
[WhiteElo "2167"]
[BlackElo "1712"]
[PlyCount "71"]
[EventDate "2023.09.08"]
[EventType "swiss (rapid)"]
[EventRounds "11"]
[EventCountry "RUS"]
[SourceTitle "EXT 2024"]
[Source "ChessBase"]
[SourceDate "2023.10.10"]
[SourceVersion "1"]
[SourceVersionDate "2023.10.10"]
[SourceQuality "1"]

1. e4 e5 2. Nf3 Nc6 3. Bb5 a6 4. Ba4 Nf6 5. 0-0 b5 6. Bb3 Bb7 7. Re1 Bc5 8. c3 d6 9. d4 Bb6 10. Be3 0-0 11. h3 Qe7 12. Nbd2 exd4 13. cxd4 Nb4 14. e5 dxe5 15. dxe5 Nfd5 16. Bg5 Qe6 17. Ne4 c5 18. a3 c4 19. axb4 cxb3 20. Qxb3 h6 21. Nd6 Bc6 22. Rac1 Nxb4 23. Qxb4 Bxf3 24. gxf3 hxg5 25. Kg2 Bd8 26. Qe4 Be7 27. Rc6 Bxd6 28. Rxd6 Qb3 29. Qg4 Qxb2 30. Qxg5 Rac8 31. Re4 Rc2 32. Qg3 Re8 33. Rxa6 Rc4 34. e6 f5 35. Qg6 Rcc8 36. Qf7+ 1-0

[Event "Ufa Penzina Memorial"]
[Site "Ufa"]
[Date "2023.08.07"]
[Round "2"]
[White "Volodina, Nadezhda"]
[Black "Abramova, Tatiana"]
[Result "1/2-1/2"]
[WhiteElo "1475"]
[BlackElo "1704"]
[PlyCount "114"]
[EventDate "2023.08.06"]
[EventType "swiss"]
[EventRounds "9"]
[EventCountry "RUS"]
[SourceTitle "CBM 215 Extra"]
[Source "ChessBase"]
[SourceDate "2023.09.30"]
[SourceVersion "1"]
[SourceVersionDate "2023.09.30"]
[SourceQuality "1"]

1. e4 e5 2. f4 d5 3. exd5 exf4 4. Nf3 Nf6 5. c4 c6 6. Nc3 cxd5 7. d4 Bb4 8. Bxf4 Nc6 9. Be2 dxc4 10. Bxc4 Qe7+ 11. Qe2 Qxe2+ 12. Bxe2 0-0 13. 0-0 Be6 14. a3 Ba5 15. h3 Bb6 16. Be3 Rad8 17. Rad1 Rfe8 18. Bf2 Nd5 19. Bb5 Nxc3 20. bxc3 a6 21. Bd3 Re7 22. Ng5 h6 23. Nxe6 fxe6 24. Bc4 Kh7 25. Bd3+ Kg8 26. Bg6 Rf8 27. Bh4 Rxf1+ 28. Rxf1 Rd7 29. Kh1 Ba5 30. Rf3 Bd8 31. Be8 Rc7 32. Bg3 Re7 33. Bg6 b5 34. Bd6 e5 35. Bxe7 Bxe7 36. Be4 Na5 37. dxe5 Bxa3 38. Bg6 Nc6 39. Re3 Bc5 40. Re2 Kf8 41. e6 Ke7 42. Bf5 a5 43. Rd2 Bd6 44. Be4 Ne5 45. Bd5 b4 46. cxb4 Bxb4 47. Rc2 Kd6 48. Bb3 Ng6 49. g3 Ne7 50. Kg2 Nc6 51. Rc4 Ne7 52. Kf3 Ke5 53. Re4+ Kd6 54. h4 Bc3 55. Re3 Bd4 56. Rd3 Ke5 57. Ba2 Bc5 1/2-1/2

[Event "Satka Autumn op (Women)"]
[Site "Satka"]
[Date "2021.09.04"]
[Round "5"]
[White "Nichkova, Alisa"]
[Black "Abramova, Tatiana"]
[Result "0-1"]
[WhiteElo "1003"]
[BlackElo "1654"]
[PlyCount "60"]
[EventDate "2021.08.31"]
[EventType "swiss"]
[EventRounds "9"]
[EventCountry "RUS"]
[SourceTitle "CBM 204 Extra"]
[Source "ChessBase"]
[SourceDate "2021.11.30"]
[SourceVersion "1"]
[SourceVersionDate "2021.11.30"]
[SourceQuality "1"]

1. d4 Nf6 2. Nf3 d5 3. Bf4 c5 4. e3 Nc6 5. Nc3 Bf5 6. a3 e6 7. Be2 h6 8. 0-0 Be7 9. Ne5 Nxe5 10. Bxe5 0-0 11. Bxf6 Bxf6 12. dxc5 Bxc3 13. bxc3 Qa5 14. Qd4 Rac8 15. Rfb1 Bxc2 16. Rxb7 Rxc5 17. Rc1 Bg6 18. Qb4 Rfc8 19. Rb8 Rxb8 20. Qxb8+ Kh7 21. Qb4 Qc7 22. f4 Rc6 23. Qb2 Rb6 24. Qa2 Qb7 25. c4 Rb2 26. Qa1 Rxe2 27. c5 Be4 28. c6 Rxg2+ 29. Kf1 Qb5+ 30. Ke1 Qe2# 0-1

[Event "EU-ch U12 Girls 28th"]
[Site "Riga"]
[Date "2018.08.21"]
[Round "2"]
[White "Zavivaeva, Emilia"]
[Black "Abramova, Tatiana"]
[Result "1/2-1/2"]
[WhiteElo "1715"]
[BlackElo "1516"]
[PlyCount "113"]
[EventDate "2018.08.20"]
[EventType "swiss"]
[EventRounds "9"]
[EventCountry "LAT"]
[SourceTitle "CBM 186 Extra"]
[Source "ChessBase"]
[SourceDate "2018.08.24"]
[SourceVersion "1"]
[SourceVersionDate "2018.08.24"]
[SourceQuality "1"]

1. e4 e5 2. Nf3 Nc6 3. Bb5 a6 4. Ba4 Nf6 5. 0-0 b5 6. Bb3 Bb7 7. Ng5 d5 8. exd5 Nd4 9. Re1 Bd6 10. Nf3 Nxf3+ 11. Qxf3 e4 12. Nc3 0-0 13. Nxe4 Nxe4 14. Rxe4 c6 15. d4 cxd5 16. Re1 Qh4 17. Bxd5 Bxd5 18. Qxd5 Qxh2+ 19. Kf1 Rae8 20. Be3 Bf4 21. Rad1 Re6 22. Qf3 Qh1+ 23. Ke2 Qh6 24. Rh1 Qg5 25. Qh5 Qxh5+ 26. Rxh5 Rfe8 27. Rh3 g5 28. Rd3 g4 29. Rh4 f5 30. g3 Bg5 31. Rh5 h6 32. Kd2 Kf7 33. d5 Re5 34. d6 Kg6 35. Rh1 Bxe3+ 36. fxe3 Rd8 37. Ke2 Rc5 38. c3 Rd7 39. Rhd1 Rc6 40. Rd4 h5 41. a4 bxa4 42. Rxa4 Rcxd6 43. Rxa6 Rxa6 44. Rxd7 Re6 45. Kf2 Rc6 46. Rd1 Kg5 47. Rc1 h4 48. gxh4+ Kxh4 49. b4 Ra6 50. Rh1+ Kg5 51. Rh8 Ra2+ 52. Kg3 Re2 53. Re8 Rc2 54. Rc8 Re2 55. Re8 Rc2 56. Rg8+ Kf6 57. Rc8 1/2-1/2